000 00603nam a2200181Ia 4500
008 090122s9999 xx 000 0 und d
082 _b11251
100 _aखांडेकर
_bवि
_c
245 _aरिकामा देव्हारा
260 _bदेशमुख आणि कं.
_c1989
300 _a174
501 _a"सावरकर / आठवले, भेट"
600 _aखांडेकर
630 _aरिकामा देव्हारा
700 _aखांडेकर
730 _aरिकामा देव्हारा
942 _cBOOK
999 _c35328
_d35328